Raising awareness about emotional intelligence and its impact on Seventh-day Adventist school chaplaincy ministry services in the Central Kenya Conference/ (Record no. 25139)

MARC details
000 -LEADER
fixed length control field 00695nam a22001817a 4500
003 - CONTROL NUMBER IDENTIFIER
control field AUA.1
005 - DATE AND TIME OF LATEST TRANSACTION
control field 20251015100214.0
008 - FIXED-LENGTH DATA ELEMENTS--GENERAL INFORMATION
fixed length control field 250702b |||||||| |||| 00| 0 eng d
040 ## - CATALOGING SOURCE
Transcribing agency JTL
100 ## - MAIN ENTRY--PERSONAL NAME
Personal name Macharia, Geoffrey Waweru
245 ## - TITLE STATEMENT
Title Raising awareness about emotional intelligence and its impact on Seventh-day Adventist school chaplaincy ministry services in the Central Kenya Conference/
Statement of responsibility, etc Geoffrey Waweru Macharia.
260 ## - PUBLICATION, DISTRIBUTION, ETC. (IMPRINT)
Date of publication, distribution, etc c2024.
300 ## - PHYSICAL DESCRIPTION
Extent ix,104 leaves :
Other physical details Illustration :
Dimensions 30cm.
610 ## - SUBJECT ADDED ENTRY--CORPORATE NAME
Corporate name or jurisdiction name as entry element Central Kenya Conference
650 ## - SUBJECT ADDED ENTRY--TOPICAL TERM
Topical term or geographic name as entry element Emotional intelligence
650 ## - SUBJECT ADDED ENTRY--TOPICAL TERM
Topical term or geographic name as entry element Seventh-day Adventist Schools
General subdivision Chaplains
942 ## - ADDED ENTRY ELEMENTS (KOHA)
Source of classification or shelving scheme AUA Inhouse Classification
Koha item type Project
Classification part Mchap
Item part .M33 2024
Holdings
Withdrawn status Lost status Source of classification or shelving scheme Damaged status Not for loan Collection code Home library Current library Shelving location Date acquired Source of acquisition Cost, normal purchase price Serial Enumeration / chronology Total Checkouts Full call number Barcode Date last seen Cost, replacement price Price effective from Koha item type
    Library of Congress Classification     JTL Research Collection Judith Thomas Library Judith Thomas Library Judith Thomas Library Research Section 02/07/2025 Theological Seminary 25.00 AUA27882   Mchap .M33 2024 AUA27882 02/07/2025 25.00 02/07/2025 Project